000 00815nam a2200301Ia 4500
001 A8508
003 IT-RoPAU
008 130308s9999 xx 000 0 und d
040 _aIT-RoPAU
040 _cIT-RoPAU
041 _aITALIANO
100 _aFederici Tommaso
100 _gCodice Aut. SPICS: 23190
245 _aRealtà bibliche del matrimonio
245 _bCelebrazione del matrimonio Cristiano (La)
250 _a1a ed.
260 _aBOLOGNA
260 _bEDB - Edizioni Dehoniane
260 _c1977 [1° Ed.:1977 - Ed.Ling.Originale:1976]
300 _a"14 p. (prefazione: no ; testo: 14 [pagine: 149-162])"
500 _aNell'Antico e Nuovo Testamento.
650 _aMATRIMONIO
650 _eCodice materia Spics: 9156
942 _cBK
957 _71
999 _c63433
_d63433
999 _bSI
999 _g1